| 000 | 00352cam a22001217a 4500 | ||
|---|---|---|---|
| 008 | 180718b1989 xxu||||| |||| 00| 0 eng d | ||
| 100 | _aJain, P.C | ||
| 245 |
_aVyavsayik Vataran avaim Lokneeti _cby P.C. Jain and N.K. Jain |
||
| 260 |
_aJaipur _bSablime Publication _c1989 |
||
| 300 | _a230p. | ||
| 650 | _arole of bussiness society | ||
| 700 | _aJain, N.K | ||
| 999 |
_c438568 _d438568 |
||